| 000 | 00794nam a2200205 u 4500 | ||
|---|---|---|---|
| 001 | 000516981 | ||
| 003 | AM-YeHGA | ||
| 005 | 20250618072805.0 | ||
| 008 | 070118s ai a r 000 0 arm d | ||
| 040 | _aAM-YeHGA | ||
| 041 | 0 | _aarm | |
| 100 | 1 | _aԳասպարյան, Սերոբ | |
| 245 | 1 | 0 |
_aՍերոբ Գասպարյան : _b[Ալբոմ] / _cՍերոբ Գասպարյան; Կազմ.՝ Լ. Արզումանյան. |
| 260 |
_aԵրևան : _bԶանգակ-97, _cԱ.թ. |
||
| 300 |
_a14 էջ, [18] էջ : _bդիմանկ., [9] թ. նկ. |
||
| 600 | 1 | 4 | _aԳասպարյան, Սերոբ |
| 650 | 1 | 4 |
_aՀայ գեղանկարիչներ _xԿյանքը և գործունեությունը |
| 700 | 1 |
_aԱրզումանյան, Լիլիթ Սևակի, _d1957- _eկազմ. _4com _93143 |
|
| 090 | _c193920 | ||
| 999 |
_c192450 _d192450 |
||